[Event "PRO League Group Stage"]
[Site "chess.com INT"]
[Date "2018.02.03"]
[Round "4"]
[White "Mamedov, Rauf"]
[Black "Le, Tuan Minh"]
[Result "0-1"]
[WhiteTitle "GM"]
[BlackTitle "IM"]
[WhiteElo "2709"]
[BlackElo "2485"]
[WhiteTeam "San Jose Hackers"]
[BlackTeam "Pittsburgh Pawngrabbers"]
[WhiteFideId "13401653"]
[BlackFideId "12401153"]
[EventDate "2018.01.18"]

1. e4 e6 2. d4 d5 3. Nd2 c5 4. exd5 Qxd5 5. Ngf3 cxd4 6. Bc4 Qd7 7. O-O Nc6 8.
Nb3 Nf6 9. Nbxd4 Nxd4 10. Nxd4 a6 11. Re1 Bc5 12. Be3 O-O 13. Bb3 b6 14. Nf3 Qc7
15. Bxc5 Qxc5 16. Qd4 Qxd4 17. Nxd4 Bb7 18. Rad1 Rfd8 19. c3 Rd7 20. f3 Rad8 21.
Kf2 Rd6 22. h4 h6 23. g4 Nd5 24. Kg3 g6 25. Re5 Nf6 26. Rde1 Bd5 27. R5e3 b5 28.
g5 Nh5+ 29. Kg4 Kh7 30. Re5 Bb7 31. Rc5 R8d7 32. f4 Ng7 33. a4 Nf5 34. h5 gxh5+
35. Kxh5 Nxd4 36. cxd4 Bf3+ 37. Kh4 Rxd4 38. Bc2+ Kg7 39. gxh6+ Kxh6 40. Re3 Bd5
41. axb5 axb5 42. Kg3 Rd8 43. Rxb5 Rg8+ 44. Kh3 Bg2+ 45. Kh2 Rd2 46. Bb3 Bc6+ 0-1

[Event "PRO League Group Stage"]
[Site "chess.com INT"]
[Date "2018.02.03"]
[Round "4"]
[White "Ni, Hua"]
[Black "Fedoseev, Vladimir3"]
[Result "1/2-1/2"]
[WhiteTitle "GM"]
[BlackTitle "GM"]
[WhiteElo "2670"]
[BlackElo "2724"]
[WhiteTeam "Chengdu Pandas"]
[BlackTeam "Saint Louis Arch Bishops"]
[WhiteFideId "8601160"]
[BlackFideId "24130737"]
[EventDate "2018.01.18"]

1. e4 e5 2. Nf3 Nf6 3. Nxe5 d6 4. Nf3 Nxe4 5. Nc3 Nxc3 6. dxc3 Be7 7. Be3 Nd7 8.
Qd2 c6 9. O-O-O O-O 10. Bd3 d5 11. Rhe1 Nc5 12. Nd4 Nxd3+ 13. Qxd3 Bd6 14. Nf5
Bxf5 15. Qxf5 Re8 16. Bd4 Bf8 17. Kb1 Qd6 18. h3 a6 19. a3 Re7 20. Rxe7 Qxe7 21.
Qd3 Qe6 22. Be3 Re8 23. Re1 Qg6 24. Qxg6 hxg6 25. Bd2 Rxe1+ 26. Bxe1 g5 27. a4
f6 28. Kc1 Kf7 29. Kd2 Ke6 30. Kd3 b5 31. axb5 axb5 32. b4 1/2-1/2

[Event "PRO League Group Stage"]
[Site "chess.com INT"]
[Date "2018.02.03"]
[Round "4"]
[White "Ni, Hua"]
[Black "Gurevich, Daniel"]
[Result "1-0"]
[WhiteTitle "GM"]
[BlackTitle "IM"]
[WhiteElo "2670"]
[BlackElo "2483"]
[WhiteTeam "Chengdu Pandas"]
[BlackTeam "Minnesota Blizzard"]
[WhiteFideId "8601160"]
[BlackFideId "2044676"]
[EventDate "2018.01.18"]

1. e4 c6 2. d4 d5 3. e5 Bf5 4. Nf3 e6 5. Be2 Ne7 6. c3 c5 7. dxc5 Nec6 8. b4 Nd7
9. Nd4 Be4 10. O-O Ncxe5 11. Nd2 Be7 12. Nxe4 dxe4 13. Qc2 Nf6 14. Bb5+ Kf8 15.
Bg5 Neg4 16. h3 h6 17. Bh4 Ne5 18. Bxf6 gxf6 19. Qxe4 Qc7 20. f4 Nd7 21. Rad1
Rd8 22. Qxe6 Nxc5 23. Qe2 a6 24. Bc4 Na4 25. Bb3 Nxc3 26. Ne6+ fxe6 27. Qxe6
Bc5+ 28. bxc5 Qxc5+ 29. Kh2 1-0

[Event "PRO League Group Stage"]
[Site "chess.com INT"]
[Date "2018.02.03"]
[Round "4"]
[White "Ni, Hua"]
[Black "Villanueva, Mario"]
[Result "1-0"]
[WhiteTitle "GM"]
[BlackTitle "IM"]
[WhiteElo "2670"]
[BlackElo "2466"]
[WhiteTeam "Chengdu Pandas"]
[BlackTeam "Buenos Aires Krakens"]
[WhiteFideId "8601160"]
[BlackFideId "113433"]
[EventDate "2018.01.18"]

1. d4 Nf6 2. Bf4 g6 3. Nc3 d5 4. Nf3 Bg7 5. Nb5 Na6 6. h3 O-O 7. e3 c6 8. Nc3 b6
9. Be2 Bb7 10. O-O c5 11. Ne5 Nb4 12. a3 Nc6 13. Nxc6 Bxc6 14. Be5 e6 15. Bf3
Qe7 16. Ne2 Rac8 17. a4 a5 18. Nf4 Rfd8 19. c3 Nd7 20. Bxg7 Kxg7 21. Qb3 Rb8 22.
Rfd1 b5 23. axb5 Rxb5 24. Qa3 Rdb8 25. Nd3 e5 26. dxe5 Nxe5 27. Nxe5 Qxe5 28. c4
Rxb2 29. Qxc5 Bd7 30. Qxd5 Qxd5 31. Bxd5 a4 32. Bxf7 Bxh3 33. gxh3 Kxf7 34. Rxa4
Rc2 35. Ra7+ Kf6 36. Rd4 g5 37. Rd6+ Kf5 38. Rxh7 Rxc4 39. Rf7+ Ke5 40. Rg6 Rh4
41. Rxg5+ Ke6 42. Rf3 Rbh8 43. Kg2 1-0

[Event "PRO League Group Stage"]
[Site "chess.com INT"]
[Date "2018.02.03"]
[Round "4"]
[White "Mamedov, Rauf"]
[Black "Quesada Perez, Yuniesky"]
[Result "1-0"]
[WhiteTitle "GM"]
[BlackTitle "GM"]
[WhiteElo "2709"]
[BlackElo "2627"]
[WhiteTeam "San Jose Hackers"]
[BlackTeam "Miami Champions"]
[WhiteFideId "13401653"]
[BlackFideId "3504409"]
[EventDate "2018.01.18"]

1. e4 e5 2. Nf3 Nc6 3. Bc4 Bc5 4. c3 Nf6 5. d3 d6 6. Bb3 a6 7. Nbd2 O-O 8. h3
Be6 9. O-O h6 10. Re1 Re8 11. Nf1 d5 12. Qe2 Qd7 13. N3h2 dxe4 14. dxe4 Bxb3 15.
axb3 a5 16. Qf3 Qe6 17. Ng3 Rad8 18. Nf5 Bf8 19. Be3 Kh7 20. Nf1 g6 21. N5g3 Rd3
22. Nd2 Red8 23. Qe2 Bc5 24. Nc4 Bxe3 25. Nxe3 Rd2 26. Qb5 b6 27. Nc4 R2d3 28.
Ne3 Rd2 29. Rab1 h5 30. Ngf1 R2d7 31. Nc4 Ng8 32. Nfe3 Nge7 33. Red1 Rxd1+ 34.
Rxd1 Rxd1+ 35. Nxd1 Qd7 36. Nde3 Qd3 37. Nd5 Nxd5 38. exd5 Ne7 39. Qd7 Qb1+ 40.
Kh2 Qf5 41. Qxf5 gxf5 42. Nxe5 Nxd5 43. Nxf7 Nf4 44. Ne5 Ne2 45. Nd3 f4 46. g4
fxg3+ 47. fxg3 b5 48. Kg2 b4 49. Kf2 Nxc3 50. bxc3 bxc3 51. Ke3 Kg6 52. Kd4 c2
53. Kc3 Kf5 54. Kxc2 1-0

[Event "PRO League Group Stage"]
[Site "chess.com INT"]
[Date "2018.02.03"]
[Round "4"]
[White "Villanueva, Mario"]
[Black "Sarana, Alexey"]
[Result "0-1"]
[WhiteTitle "IM"]
[BlackTitle "GM"]
[WhiteElo "2466"]
[BlackElo "2562"]
[WhiteTeam "Buenos Aires Krakens"]
[BlackTeam "Australia Kangaroos"]
[WhiteFideId "113433"]
[BlackFideId "24133795"]
[EventDate "2018.01.18"]

1. e4 c5 2. Nf3 d6 3. d4 cxd4 4. Nxd4 Nf6 5. Nc3 a6 6. Bg5 Nbd7 7. Bc4 Qb6 8.
Qd2 Qxb2 9. O-O Qb4 10. Bb3 g6 11. Rab1 Qc5 12. Nd5 Nxe4 13. Qb4 Nxg5 14. Qxc5
dxc5 15. Nc7+ Kd8 16. Nxa8 cxd4 17. h4 Ne6 18. Bxe6 fxe6 19. Nb6 Nxb6 20. Rxb6
Kc7 21. Rb4 Bg7 22. Re1 Rd8 0-1

[Event "PRO League Group Stage"]
[Site "chess.com INT"]
[Date "2018.02.03"]
[Round "4"]
[White "Villanueva, Mario"]
[Black "Friedel, Joshua"]
[Result "1/2-1/2"]
[WhiteTitle "IM"]
[BlackTitle "GM"]
[WhiteElo "2466"]
[BlackElo "2562"]
[WhiteTeam "Buenos Aires Krakens"]
[BlackTeam "Las Vegas Desert Rats"]
[WhiteFideId "113433"]
[BlackFideId "2017199"]
[EventDate "2018.01.18"]

1. e4 e5 2. Nf3 Nc6 3. Bc4 Nf6 4. d3 Be7 5. O-O O-O 6. Re1 d6 7. a4 Na5 8. Ba2
c5 9. c3 Nc6 10. Na3 a6 11. Bd2 Rb8 12. Nc2 b5 13. axb5 axb5 14. b4 Bg4 15. Ne3
Bxf3 16. Qxf3 cxb4 17. cxb4 Nd4 18. Qd1 Rc8 19. Rc1 Ra8 20. Bd5 Nxd5 21. Nxd5
Bg5 22. Be3 Ne6 23. Qg4 h6 24. Rc2 Ra3 25. Rd1 Bxe3 26. fxe3 Qg5 27. Qxg5 hxg5
28. Kf2 g6 29. Ke2 Kg7 30. Rc6 g4 31. Kf2 Ra2+ 32. Kg3 Re2 33. Rxd6 Rc8 34. Rg1
Rd2 35. Ne7 Rc3 36. Kxg4 Rcxd3 37. Rxd3 Rxd3 38. Re1 Rd2 39. Rg1 Rc2 40. h4 Rc4
41. Kf3 Rxb4 42. Nc6 Rb3 43. Kf2 f6 44. Ra1 Nc5 45. Ra7+ Kf8 46. Kf3 Rb2 47. Ne7
Kf7 48. Nd5+ Kf8 49. Nxf6 Nd3 50. Kg3 Ne1 51. Nd7+ Kg8 52. Nxe5 Rxg2+ 53. Kf4 b4
54. Rb7 Nc2 55. Ng4 Kf8 56. e5 Ne1 57. Nf6 Nd3+ 58. Kf3 Rc2 59. Nd7+ Ke8 60. Ke4
Nc5+ 61. Nxc5 Rxc5 62. Rxb4 Ke7 63. Kf4 Kf7 64. Rb7+ Ke6 65. Rb6+ Kf7 66. e4 Rc1
67. Rb7+ Ke6 68. Rb6+ Kf7 69. e6+ Ke7 70. Ra6 Rb1 71. h5 gxh5 72. Kf5 h4 73.
Ra7+ Ke8 74. e7 Rb6 75. e5 h3 76. e6 Rb2 77. Ra8+ Kxe7 78. Ra7+ Ke8 79. Ra8+ Ke7
80. Ra7+ Ke8 81. Ra8+ Ke7 1/2-1/2

[Event "PRO League Group Stage"]
[Site "chess.com INT"]
[Date "2018.02.03"]
[Round "4"]
[White "Villanueva, Mario"]
[Black "Mamedov, Rauf"]
[Result "1-0"]
[WhiteTitle "IM"]
[BlackTitle "GM"]
[WhiteElo "2466"]
[BlackElo "2709"]
[WhiteTeam "Buenos Aires Krakens"]
[BlackTeam "San Jose Hackers"]
[WhiteFideId "113433"]
[BlackFideId "13401653"]
[EventDate "2018.01.18"]

1. e4 c5 2. Nf3 Nc6 3. d4 cxd4 4. Nxd4 g6 5. Nc3 Bg7 6. Be3 Nf6 7. Bc4 O-O 8.
Bb3 d6 9. f3 Bd7 10. h4 h5 11. Qd2 Rc8 12. O-O-O Ne5 13. Kb1 Re8 14. g4 hxg4 15.
h5 Nxh5 16. Rdg1 g3 17. Nce2 e6 18. Rxh5 gxh5 19. Nxg3 Ng6 20. Nxh5 Qh4 21. Nxg7
Kxg7 22. Bg5 Qh3 23. f4 f6 24. f5 fxg5 25. Qxg5 Qh6 26. Qxh6+ Kxh6 27. Rxg6+ Kh5
28. Nxe6 Bxe6 29. Bxe6 Rc5 30. b4 Re5 31. Bd5 Rxe4 32. Bxe4 Rxe4 33. a3 a5 34.
c3 axb4 35. axb4 d5 36. Rd6 Re5 37. f6 Kg6 38. Kc2 b5 39. Kd3 Rh5 40. Rb6 Rh3+
41. Kd4 Rh4+ 42. Kxd5 Rh3 43. Rc6 Kf7 44. Ke5 Re3+ 45. Kd6 Kxf6 46. Kc5+ Ke7 47.
Kxb5 Kd7 48. c4 Re8 49. c5 Re4 50. Rg6 Rf4 51. Rg7+ Kc8 52. Ka5 Rc4 53. Rg5 Rc1
54. b5 Kc7 55. Rg7+ 1-0

[Event "PRO League Group Stage"]
[Site "chess.com INT"]
[Date "2018.02.03"]
[Round "4"]
[White "Mamedov, Rauf"]
[Black "Hambleton, Aman"]
[Result "1-0"]
[WhiteTitle "GM"]
[BlackTitle "IM"]
[WhiteElo "2709"]
[BlackElo "2501"]
[WhiteTeam "San Jose Hackers"]
[BlackTeam "Montreal Chessbrahs"]
[WhiteFideId "13401653"]
[BlackFideId "2606577"]
[EventDate "2018.01.18"]

1. e4 c5 2. Nf3 e6 3. b3 d6 4. Bb2 e5 5. c3 Nf6 6. Bd3 Be7 7. Bc2 O-O 8. O-O Nc6
9. Re1 Bg4 10. h3 Bh5 11. d3 Re8 12. Nbd2 Bf8 13. Nf1 d5 14. Ng3 Bg6 15. a3 a5
16. Qe2 d4 17. c4 Nh5 18. Bc1 Nf4 19. Qd1 Bd6 20. Nf5 Bxf5 21. exf5 Qf6 22. g3
Nxh3+ 23. Kg2 Qxf5 24. Rh1 Nxf2 25. Kxf2 h6 26. Kg2 e4 27. dxe4 Qg6 28. e5 Qe6
29. exd6 Qe2+ 30. Kg1 Rad8 31. Qxe2 Rxe2 32. Bd3 Re6 33. d7 Ne7 34. b4 axb4 35.
axb4 Rxd7 36. Ra8+ 1-0

[Event "PRO League Group Stage"]
[Site "chess.com INT"]
[Date "2018.02.03"]
[Round "4"]
[White "Mamedov, Rauf"]
[Black "Boros, Denes"]
[Result "1-0"]
[WhiteTitle "GM"]
[BlackTitle "GM"]
[WhiteElo "2709"]
[BlackElo "2457"]
[WhiteTeam "San Jose Hackers"]
[BlackTeam "Webster Windmills"]
[WhiteFideId "13401653"]
[BlackFideId "722340"]
[EventDate "2018.01.18"]

1. e4 c5 2. Nf3 e6 3. b3 d6 4. d4 cxd4 5. Nxd4 Nf6 6. Bd3 Qb6 7. Bb2 Nc6 8. O-O
Be7 9. c3 O-O 10. Nd2 e5 11. Nc2 Bg4 12. Be2 Bxe2 13. Qxe2 d5 14. Ne3 d4 15. Nd5
Qd8 16. c4 Bc5 17. Nf3 Nd7 18. Ne1 Nb4 19. Nd3 Nxd3 20. Qxd3 Nb6 21. f4 f6 22.
fxe5 Nxd5 23. cxd5 fxe5 24. Rxf8+ Bxf8 25. Rf1 Bd6 26. Bc1 Qe7 27. Bd2 Rc8 28.
h3 a6 29. Rf2 Qh4 30. Rf5 g6 31. Rf1 Rf8 32. Rxf8+ Kxf8 33. Qc4 Qd8 34. Kf1 Ke8
35. Qa4+ Kf7 36. Qc4 Qf6+ 37. Kg1 Qd8 38. Qc1 Be7 39. Kf1 Bh4 40. Ke2 Be7 41.
Kd3 Qd7 42. a4 Qd6 43. Qc8 Qb6 44. b4 Qf6 45. Ke2 b5 46. axb5 axb5 47. Qd7 d3+
48. Kxd3 Qf1+ 49. Kc2 Qc4+ 50. Kb2 Qd3 51. Qe6+ Ke8 52. Bc3 Qe2+ 53. Ka3 Qd3 54.
Qxe5 Kd8 55. Qd4 Qf1 56. d6 Bg5 57. Qb6+ Ke8 58. Qc6+ Kf7 59. Qd7+ Kg8 60. Qg7# 1-0

[Event "PRO League Group Stage"]
[Site "chess.com INT"]
[Date "2018.02.03"]
[Round "4"]
[White "Brown, Michael William"]
[Black "Fedoseev, Vladimir3"]
[Result "1/2-1/2"]
[WhiteTitle "IM"]
[BlackTitle "GM"]
[WhiteElo "2506"]
[BlackElo "2724"]
[WhiteTeam "San Diego Surfers"]
[BlackTeam "Saint Louis Arch Bishops"]
[WhiteFideId "2037602"]
[BlackFideId "24130737"]
[EventDate "2018.01.18"]

1. d4 b5 2. e4 a6 3. Bd3 e6 4. Be3 Bb7 5. Nd2 Nf6 6. f3 d6 7. Ne2 Nbd7 8. O-O c5
9. c3 Be7 10. a4 Bc6 11. b3 O-O 12. Qc2 Qb8 13. Qb2 bxa4 14. Rfb1 axb3 15. Nxb3
Qc7 16. Na5 Rfb8 17. Qa2 Rxb1+ 18. Rxb1 d5 19. e5 Ne8 20. Nxc6 Qxc6 21. f4 Nc7
22. Qa5 c4 23. Bc2 Rb8 24. Rxb8+ Nxb8 25. f5 exf5 26. Bxf5 g6 27. Bc2 Ne6 28.
Nf4 Nxf4 29. Bxf4 Qb7 30. h3 Nd7 31. Kh2 Nf8 32. Bh6 Ne6 33. Bd1 Bd8 34. Qa3 Bg5
35. Bxg5 Nxg5 36. Qd6 h6 37. Qd8+ Kh7 38. Bg4 Ne4 39. e6 fxe6 40. Bxe6 Qg7 41.
Bxd5 Nxc3 42. Bxc4 Nb5 43. Bxb5 axb5 44. Qb6 Qd7 45. Qc5 Kg7 46. Kg3 Kf7 47. Kf4
Qb7 48. d5 b4 49. Qd6 b3 50. Qe6+ Kg7 51. Qe5+ Kg8 52. Qe8+ Kg7 53. Qe5+ Kh7 54.
d6 b2 55. Qe7+ Qxe7 56. dxe7 b1=Q 57. e8=Q Qb4+ 58. Kg3 Qd6+ 59. Kf3 h5 60. Qf7+
Kh8 61. Qe8+ Kg7 62. Qe4 Qa3+ 63. Qe3 Qf8+ 64. Qf4 Qa8+ 65. Qe4 Qa3+ 66. Qe3 Qd6
67. Qc3+ Kf7 68. Qc4+ Kf6 69. Qf4+ Qxf4+ 70. Kxf4 h4 71. g3 g5+ 72. Kg4 hxg3 73.
Kxg3 Kf5 74. Kf3 Kg6 75. Kg4 Kh6 76. h4 gxh4 77. Kxh4 1/2-1/2

[Event "PRO League Group Stage"]
[Site "chess.com INT"]
[Date "2018.02.03"]
[Round "4"]
[White "Della Morte, German"]
[Black "Bryant, John Daniel"]
[Result "1/2-1/2"]
[WhiteTitle "IM"]
[BlackTitle "IM"]
[WhiteElo "2353"]
[BlackElo "2437"]
[WhiteTeam "Buenos Aires Krakens"]
[BlackTeam "San Diego Surfers"]
[WhiteFideId "113522"]
[BlackFideId "2031280"]
[EventDate "2018.01.18"]

1. e4 c5 2. Nf3 d6 3. Bb5+ Nd7 4. O-O Nf6 5. Re1 e6 6. c3 a6 7. Bf1 b5 8. d4 Bb7
9. Bd3 e5 10. Nbd2 Be7 11. a4 Qb6 12. Nf1 O-O 13. Ng3 Rfe8 14. d5 c4 15. Bc2 g6
16. Bg5 Nc5 17. Nh4 Nxd5 18. Qd2 Ne6 19. Bxe7 Nxe7 20. Qh6 Kh8 21. Rad1 Ng8 22.
Qd2 Rad8 23. Nf3 Kg7 24. Nh4 d5 25. exd5 Rxd5 26. Qc1 Nf4 27. Rxd5 Bxd5 28. Ne2
Nd3 29. Bxd3 cxd3 30. Nf4 Bc4 31. b3 Qd8 32. Nf3 Bxb3 33. Qe3 d2 34. Nxd2 exf4
35. Qxe8 Qxd2 36. axb5 Be6 37. Rb1 Qc2 38. Rf1 axb5 39. Qxb5 Qxc3 40. Qa4 Nf6
41. Qxf4 Nd5 42. Qg3 Qd4 43. Re1 Nf4 44. Qe3 Qf6 45. Qe5 Bd5 46. f3 g5 47. h3
Be6 48. Qxf6+ Kxf6 49. Rb1 h5 50. Rb4 Bd5 51. Rb6+ Ke5 52. Rb5 Kd4 53. Ra5 f5
54. Ra7 g4 55. hxg4 hxg4 56. fxg4 fxg4 57. Rg7 Be6 58. Kf2 Ke5 59. Ra7 Nh5 60.
Ra5+ Bd5 61. Ke3 Kd6 62. Ra6+ Ke5 63. Ra5 Kd6 64. Ra6+ Bc6 65. Ra5 Bd5 66. Ra6+
Ke5 67. Ra5 Nf6 68. Rb5 Ne4 69. Ra5 Nd6 70. Rxd5+ Kxd5 71. Kf4 Ne4 72. Kxg4 Ke5
73. Kf3 Kf5 74. Ke3 Nf6 75. Kf3 Kg5 76. Kg3 Kf5 77. Kf3 Ke5 78. Ke3 Kf5 79. Kf3
Ng4 80. Kg3 Ne5 81. Kf2 Kf4 82. Ke2 Kg3 83. Ke3 Kxg2 1/2-1/2

[Event "PRO League Group Stage"]
[Site "chess.com INT"]
[Date "2018.02.03"]
[Round "4"]
[White "Della Morte, German"]
[Black "Vazquez, Guillermo"]
[Result "0-1"]
[WhiteTitle "IM"]
[BlackTitle "IM"]
[WhiteElo "2353"]
[BlackElo "2436"]
[WhiteTeam "Buenos Aires Krakens"]
[BlackTeam "Rio Grande Ospreys"]
[WhiteFideId "113522"]
[BlackFideId "3702308"]
[EventDate "2018.01.18"]

1. e4 c6 2. d4 d5 3. e5 Bf5 4. Nf3 e6 5. Be2 Ne7 6. O-O c5 7. Na3 Nec6 8. c4
dxc4 9. Bg5 f6 10. exf6 gxf6 11. Bh4 c3 12. Qb3 cxd4 13. bxc3 d3 14. Rfd1 Nd7
15. Bxd3 Nc5 16. Bxf5 Nxb3 17. Rxd8+ Nxd8 18. axb3 Bxa3 19. Rxa3 exf5 20. Nd4
Nc6 21. Nxf5 O-O-O 22. h3 Rd3 23. b4 b5 24. Ra1 Rf8 25. Re1 Kb7 26. Ng7 Rxc3 27.
Ne6 Rf7 28. Nc5+ Rxc5 29. bxc5 b4 30. Re6 f5 31. Kf1 a5 32. Ke1 b3 33. Kd2 a4
34. Kc3 Rd7 35. Re1 Ka6 36. g4 fxg4 37. hxg4 Kb5 38. f4 Rd4 39. Bg5 Rc4+ 40. Kd2
b2 41. Bf6 a3 42. f5 Rxg4 43. Bc3 Kc4 44. Bh8 Rf4 45. f6 a2 46. f7 b1=Q 47. Rxb1
axb1=Q 0-1

[Event "PRO League Group Stage"]
[Site "chess.com INT"]
[Date "2018.02.03"]
[Round "4"]
[White "Della Morte, German"]
[Black "Xu, Xiangyu"]
[Result "1/2-1/2"]
[WhiteTitle "IM"]
[BlackTitle "GM"]
[WhiteElo "2353"]
[BlackElo "2545"]
[WhiteTeam "Buenos Aires Krakens"]
[BlackTeam "Chengdu Pandas"]
[WhiteFideId "113522"]
[BlackFideId "8608288"]
[EventDate "2018.01.18"]

1. e4 c5 2. Nf3 d6 3. Bb5+ Bd7 4. Bxd7+ Qxd7 5. O-O Nf6 6. Re1 g6 7. c3 Bg7 8.
d4 O-O 9. e5 dxe5 10. dxe5 Qxd1 11. Rxd1 Nfd7 12. Bf4 Rd8 13. Na3 Nc6 14. e6 Nf8
15. exf7+ Kxf7 16. Ng5+ Kg8 17. Nb5 h6 18. Ne4 Ne6 19. Bg3 Kf7 20. Re1 Rd5 21.
Ned6+ exd6 22. Rxe6 Rd2 23. Rae1 Be5 24. Rxd6 Bxd6 25. Nxd6+ Kg7 26. Nxb7 Rxb2
27. Nxc5 Kf7 28. h4 Re8 29. Rd1 Rd8 30. Re1 Rxa2 31. Re6 Ne7 32. Be5 Ra5 33.
Rf6+ Ke8 34. Bd4 Rd5 35. Ne6 Kd7 36. Nf8+ Ke8 37. Nxg6 Nxg6 38. Rxg6 h5 39. Kf1
Ra2 40. g3 a5 41. Kg2 Rf5 42. Kh3 a4 43. g4 Rf3+ 44. Kg2 hxg4 45. Rxg4 Rf5 46.
Rg8+ Kf7 47. Ra8 Kg6 48. Kg3 Ra1 49. f3 a3 50. Kg4 Rf7 51. h5+ Kh6 52. Rh8+ Rh7
53. Rg8 Rd7 54. Rh8+ Rh7 55. Ra8 Rd7 56. Ra6+ Kh7 57. f4 a2 58. Kf5 Rf7+ 59. Bf6
Kh6 60. c4 Rh1 61. Rxa2 Rxh5+ 62. Ke6 Rc7 63. Rc2 Rc6+ 64. Ke7 Rhc5 65. Be5 Kg6
66. Rg2+ Kf5 67. Rg5+ Ke4 68. Rg1 Rxc4 69. Rd1 Ra4 70. Rd7 Kf5 71. Rb7 Rh6 72.
Rd7 Rh7+ 73. Ke8 Ra8+ 74. Rd8 Raa7 75. Bd6 Ke6 76. Bf8 Ra6 77. Rb8 Rf7 78. Bc5
Rxf4 79. Rb6+ Rxb6 80. Bxb6 Rb4 81. Bc7 Rc4 82. Kd8 Rh4 83. Kc8 Rb4 84. Bg3 Kd5
85. Kc7 Rg4 86. Bh2 Rh4 87. Bg3 Rh3 88. Bf4 Rf3 89. Bh2 Rf7+ 90. Kb6 Rf2 91. Bg3
Rb2+ 92. Kc7 Ke6 93. Bf4 Rb4 94. Bg3 Rg4 95. Bh2 Kf5 96. Bd6 Rg2 97. Kc6 Ke6 98.
Bf4 Rc2+ 99. Kb7 Rc4 100. Be3 Kd6 101. Bf2 Rb4+ 102. Ka8 Kc6 103. Bg1 Rb2 104.
Be3 Rb1 105. Bd4 Kc7 106. Be3 Rb8+ 107. Ka7 Rf8 108. Bb6+ Kc6 109. Be3 Kc7 110.
Bb6+ Kc6 111. Be3 Rg8 112. Bf2 Rg2 113. Be3 Ra2+ 114. Kb8 Rb2+ 115. Ka7 Rb4 116.
Bf2 Rb3 117. Bd4 Ra3+ 118. Kb8 Rb3+ 119. Ka7 Rb5 120. Be3 Rb4 121. Bf2 Rf4 122.
Bg1 Rg4 123. Bf2 Kc7 124. Bb6+ Kc6 125. Bf2 Rg3 126. Bxg3 1/2-1/2

[Event "PRO League Group Stage"]
[Site "chess.com INT"]
[Date "2018.02.03"]
[Round "4"]
[White "Ramirez, Alejandro"]
[Black "Vazquez, Guillermo"]
[Result "1-0"]
[WhiteTitle "GM"]
[BlackTitle "IM"]
[WhiteElo "2568"]
[BlackElo "2436"]
[WhiteTeam "Saint Louis Arch Bishops"]
[BlackTeam "Rio Grande Ospreys"]
[WhiteFideId "6500617"]
[BlackFideId "3702308"]
[EventDate "2018.01.18"]

1. Nf3 Nf6 2. c4 c5 3. g3 g6 4. Bg2 Bg7 5. Nc3 Nc6 6. d4 cxd4 7. Nxd4 O-O 8. O-O
Nxd4 9. Qxd4 d6 10. Qd3 a6 11. Bd2 Rb8 12. Rac1 b5 13. cxb5 axb5 14. Nxb5 Bf5
15. e4 Nxe4 16. Bxe4 Bxe4 17. Qxe4 Rxb5 18. b4 Qa8 19. Qc2 Qa3 20. Rfe1 e5 21.
Re3 Qa8 22. a4 Rbb8 23. a5 d5 24. Rb3 Rb5 25. Qc6 Qxc6 26. Rxc6 Rfb8 27. a6 Ra8
28. Rc5 Rbb8 29. b5 d4 30. b6 Bf8 31. Ra5 Bd6 32. a7 Rb7 33. Rd5 1-0

[Event "PRO League Group Stage"]
[Site "chess.com INT"]
[Date "2018.02.03"]
[Round "4"]
[White "Ramirez, Alejandro"]
[Black "Orlov, Georgi"]
[Result "1/2-1/2"]
[WhiteTitle "GM"]
[BlackTitle "IM"]
[WhiteElo "2568"]
[BlackElo "2481"]
[WhiteTeam "Saint Louis Arch Bishops"]
[BlackTeam "Seattle Sluggers"]
[WhiteFideId "6500617"]
[BlackFideId "2011271"]
[EventDate "2018.01.18"]

1. Nf3 d5 2. c4 e6 3. b3 Nf6 4. g3 Be7 5. Bg2 O-O 6. O-O b6 7. Bb2 Bb7 8. e3
Nbd7 9. Qe2 c5 10. Nc3 a6 11. Rfd1 Qb8 12. Rac1 Rc8 13. h3 Bc6 14. cxd5 Nxd5 15.
Nxd5 Bxd5 16. e4 Bb7 17. Qe3 b5 18. h4 h6 19. d3 Bf8 20. h5 Be7 21. Nh2 Nf6 22.
Bxf6 Bxf6 23. Rxc5 Rxc5 24. Qxc5 Qd8 25. d4 Rc8 26. Qb4 Rc2 27. a4 Be7 28. Qe1
b4 29. d5 exd5 30. exd5 Bc5 31. Rd2 Rxd2 32. Qxd2 Qf6 33. d6 Bc8 34. Nf1 Qxd6
35. Qxd6 Bxd6 36. Ne3 Bc5 37. Nc4 Kf8 38. Bd5 Bg4 39. Kf1 Bxh5 40. Ke1 Bg6 41.
Ne5 Ke7 42. Nxg6+ fxg6 43. a5 Bd6 44. Bc4 Bc7 45. Bxa6 Bxa5 46. Kf1 h5 47. Kg2
g5 48. Bd3 Kf6 49. Be4 Bc7 50. Bd3 g4 51. Bc4 g5 52. f3 gxf3+ 53. Kxf3 g4+ 54.
Kg2 Bb6 55. Bb5 1/2-1/2

[Event "PRO League Group Stage"]
[Site "chess.com INT"]
[Date "2018.02.03"]
[Round "4"]
[White "Della Morte, German"]
[Black "Orlov, Georgi"]
[Result "1-0"]
[WhiteTitle "IM"]
[BlackTitle "IM"]
[WhiteElo "2353"]
[BlackElo "2481"]
[WhiteTeam "Buenos Aires Krakens"]
[BlackTeam "Seattle Sluggers"]
[WhiteFideId "113522"]
[BlackFideId "2011271"]
[EventDate "2018.01.18"]

1. e4 d6 2. d4 Nf6 3. Nc3 g6 4. Be3 Bg7 5. Qd2 Ng4 6. Bg5 h6 7. Bh4 Nc6 8. Nge2
Qd7 9. f3 Nf6 10. O-O-O a6 11. Kb1 b5 12. g4 Rb8 13. g5 hxg5 14. Bxg5 Nh5 15. h4
Na5 16. b3 e6 17. Bh3 b4 18. Nd5 c5 19. dxc5 dxc5 20. Qe3 Qa7 21. Nc7+ Qxc7 22.
Qxc5 Be5 23. Qxe5 1-0

[Event "PRO League Group Stage"]
[Site "chess.com INT"]
[Date "2018.02.03"]
[Round "4"]
[White "Ashwin, Jayaram"]
[Black "Smirnov, Anton"]
[Result "1-0"]
[WhiteTitle "GM"]
[BlackTitle "GM"]
[WhiteElo "2486"]
[BlackElo "2527"]
[WhiteTeam "Webster Windmills"]
[BlackTeam "Australia Kangaroos"]
[WhiteFideId "5018137"]
[BlackFideId "3208923"]
[EventDate "2018.01.18"]

1. Nf3 d5 2. e3 Nf6 3. c4 c6 4. Nc3 e6 5. Qc2 Bd6 6. d4 Nbd7 7. Be2 O-O 8. O-O
dxc4 9. a4 e5 10. Bxc4 exd4 11. exd4 Nb6 12. Bb3 a5 13. Bg5 h6 14. Bh4 g5 15.
Qg6+ Kh8 16. Qxh6+ Nh7 17. Nxg5 Bf5 18. Nxh7 Bxh7 19. Bf6+ 1-0

[Event "PRO League Group Stage"]
[Site "chess.com INT"]
[Date "2018.02.03"]
[Round "4"]
[White "Hambleton, Aman"]
[Black "Petrosian, Tigran L."]
[Result "1-0"]
[WhiteTitle "IM"]
[BlackTitle "GM"]
[WhiteElo "2501"]
[BlackElo "2606"]
[WhiteTeam "Montreal Chessbrahs"]
[BlackTeam "Seattle Sluggers"]
[WhiteFideId "2606577"]
[BlackFideId "13301616"]
[EventDate "2018.01.18"]

1. d4 d6 2. e4 g6 3. c4 Bg7 4. Nc3 Nf6 5. f3 O-O 6. Be3 Nc6 7. Nge2 e5 8. d5 Ne7
9. Qd2 c6 10. g4 cxd5 11. cxd5 a6 12. Ng3 b5 13. Be2 Bd7 14. h4 b4 15. Nd1 Qa5
16. h5 Bb5 17. Bh6 Bxe2 18. Kxe2 Qb5+ 19. Kf2 Rac8 20. Bxg7 Kxg7 21. Ne3 Qb6 22.
Kg2 Kg8 23. Nef5 Nxf5 24. Nxf5 Qd8 25. Rac1 Rxc1 26. Rxc1 Nxg4 27. Rc8 Qf6 28.
Rxf8+ Kxf8 29. fxg4 gxf5 30. g5 Qe7 31. exf5 e4 32. Qf4 f6 33. g6 e3 34. Kf1 e2+
35. Ke1 Kg8 36. h6 a5 37. Qc4 Qe8 38. Qxe2 Qf8 39. Qe6+ Qf7 40. Qxf7+ Kh8 41.
g7# 1-0